Andorra multiple choice quiz - Statistics

General Stats
  • This quiz has been taken 7 times
    2 since last reset
  • The average score is 5 of 10
Answer Stats
Question Answer % Correct
How old is the life expectancy in Andorra 84 years
100%
Where is Andorra located Between France and Spain
100%
Roughly ___ of Andorra's GDP is generated by tourism 80%
50%
What is Andorra's population (Rounded to the nearest thousand) 82.7k km2
50%
What does Andorra have none of Army
50%
The _______ capital city in Europe is Andorra Highest
50%
Andorra has one of the oldest ___________ in the world Parliaments
50%
Andorra has 2... Princes
50%
Andorra is the ____ smallest country in the world 17th
0%
What is Andorra's land area 467km2
0%
No matching quizzes found
Score Distribution
Percent of People with Each Score
Percentile by Number Answered
Your Score History
You have not taken this quiz since the last reset